Herbs for common ailments

Bibliographic Details
Main Author: McIntyre, Anne
Format: Book
Published: London : Gaia Books , 1992
Subjects:

MARC

LEADER 00000cam a2200000 7i4500
001 0000001356
002 000001493
005 20000330.0
020 |a 1856750558 
090 0 0 |a 615.321   |b MCI 
100 1 |a McIntyre, Anne 
245 1 0 |a Herbs for common ailments   |c Anne McIntyre 
260 |a London :   |b Gaia Books ,   |c 1992 
300 |a 95p. :   |b ill. ;   |c 25cm. 
650 0 0 |a Herbs   |x Therapeutic use 
999 |a 032733   |b BUKU   |c PINJAMAN   |e PERPUSTAKAAN KOMUNITI PETALING JAYA 
999 |a 032734   |b BUKU   |c PINJAMAN   |e PERPUSTAKAAN KOMUNITI PETALING JAYA